Mariposas de la libertad : (Registro nro. 6515)
[ vista simple ]
| 000 -LEADER | |
|---|---|
| fixed length control field | 00938nam a22002057a 4500 |
| 003 - CONTROL NUMBER IDENTIFIER | |
| control field | OSt |
| 005 - DATE AND TIME OF LATEST TRANSACTION | |
| control field | 20200213142904.0 |
| 008 - FIXED-LENGTH DATA ELEMENTS--GENERAL INFORMATION | |
| fixed length control field | 200213s2015 sp oc|||r|||| 00| 0 spa d |
| 020 ## - INTERNATIONAL STANDARD BOOK NUMBER | |
| International Standard Book Number | 9789584668585 |
| 040 ## - CATALOGING SOURCE | |
| Original cataloging agency | CO-JMCR |
| Transcribing agency | CO-JMCR |
| 082 04 - DEWEY DECIMAL CLASSIFICATION NUMBER | |
| Classification number | 305.40986 / |
| Item number | O775m |
| 100 1# - MAIN ENTRY--PERSONAL NAME | |
| Personal name | Ortiz, Sandra, |
| Relator term | autora |
| 9 (RLIN) | 558 |
| 245 ## - TITLE STATEMENT | |
| Title | Mariposas de la libertad : |
| Remainder of title | "Mujeres constructoras de la libertad" |
| Statement of responsibility, etc. | Sandra Ortiz |
| 260 ## - PUBLICATION, DISTRIBUTION, ETC. | |
| Place of publication, distribution, etc. | Tunja : |
| Name of publisher, distributor, etc. | Búhos, |
| Date of publication, distribution, etc. | 2015 |
| 300 ## - PHYSICAL DESCRIPTION | |
| Extent | 102 páginas : |
| Other physical details | Fotografías, retratos a blanco y negro |
| Dimensions | 21x21 cm. |
| 520 ## - SUMMARY, ETC. | |
| Summary, etc. | La mariposa como inspiradora de libertad, simboliza esa memoria de las mujeres que se gestan a partir del servicio humano, invirtiendo sus minutos de vida a la iluminar los sueños de igualdad para este país, que renace desde el conflicto, en la transformación de una Colombia en paz. |
| 650 24 - SUBJECT ADDED ENTRY--TOPICAL TERM | |
| Topical term or geographic name entry element | Mujeres y paz |
| Geographic subdivision | Colombia |
| 9 (RLIN) | 559 |
| 650 24 - SUBJECT ADDED ENTRY--TOPICAL TERM | |
| Topical term or geographic name entry element | Mujeres pacifistas |
| Geographic subdivision | Colombia |
| 9 (RLIN) | 560 |
| 942 ## - ADDED ENTRY ELEMENTS (KOHA) | |
| Source of classification or shelving scheme | Dewey Decimal Classification |
| Koha item type | Books |
| Withdrawn status | Lost status | Source of classification or shelving scheme | Damaged status | Not for loan | Home library | Current library | Shelving location | Date acquired | Source of acquisition | Cost, normal purchase price | Total Checkouts | Full call number | Barcode | Date last seen | Copy number | Price effective from | Koha item type |
|---|---|---|---|---|---|---|---|---|---|---|---|---|---|---|---|---|---|
| Dewey Decimal Classification | Biblioteca Pública José María del Castillo y Rada | Biblioteca Pública José María del Castillo y Rada | Processing Center | 05/27/2019 | Donación | 0.00 | 305.40986 / O775m | 201809439 | 05/16/2024 | Ej.1 | 02/13/2020 | Books |